Music Quiz

Random Music or TV Show Quiz

Muppet Musical Guests Quiz Stats

 Plays Quiz Updated Oct 17, 2016

Score 0/30 Timer 05:00
1 Play Today
Musician % Correct
Elton John
97.6%
Alice Cooper
89.1%
Johnny Cash
82.2%
John Denver
70%
Kenny Rogers
68.4%
Julie Andrews
65.9%
Liberace
64.5%
Diana Ross
54.8%
Paul Simon
54.7%
Bernadette Peters
47.5%
Harry Belafonte
46.5%
Loretta Lynn
42%
Linda Ronstadt
41.9%
Carol Channing
41.6%
Jim Nabors
39.5%
Musician % Correct
Roy Rogers
37.5%
Ben Vereen
34.3%
Andy Williams
33.6%
Ethel Merman
32.8%
Sandy Duncan
31.3%
Joan Baez
31%
Rita Moreno
30.9%
Gladys Knight
29%
Joel Grey
27.7%
Victor Borge
21.6%
Lou Rawls
20%
Lena Horne
18.1%
Zero Mostel
13.6%
Pearl Bailey
11.2%
Roger Miller
7%

You're not logged in!

Compare scores with friends on all Sporcle quizzes.
OR
Log In

Show Comments

Extras

Top Quizzes Today


Score Distribution

Your Account Isn't Verified!

In order to create a playlist on Sporcle, you need to verify the email address you used during registration. Go to your Sporcle Settings to finish the process.

Report this User

Report this user for behavior that violates our Community Guidelines.

Details: